[Event "400 Stay Safe Play From Home series"]
[Site "Emanuel Lasker Arena"]
[Date "2020.08.21"]
[Round "2"]
[White "AChessPlayer"]
[Black "Drakandras"]
[Result "1-0"]
[WhiteElo "2410"]
[BlackElo "1463"]
[Annotator "TA"]
[PlyCount "85"]
[EventDate "2020.08.21"]
[EventType "swiss (blitz)"]

{[%evp 10,85,20,12,49,-2,64,64,77,30,143,135,136,134,191,166,287,248,245,240,252,239,622,577,679,612,757,757,818,794,771,621,682,640,625,565,2229,608,1744,624,1895,1140,1249,541,530,473,474,404,550,552,613,379,686,672,638,525,882,882,877,841,852,823,763,670,818,627,950,933,1079,1077,1064,1067,1002,972,1778,1750,1312,1271]} 1. Nf3 Nf6 2. e3 d5 3. d4 e6 4. Bd3 c5 5. c3 c4 6. Bc2 Nc6 {D05: Colle System with ...e6.} 7. b3 {[#]} (7. Nbd2 $14) 7... Bd6 $146 (7... b5 $1 $11) ({Predecessor:} 7... Bd7 8. a4 Be7 9. Nbd2 cxb3 10. Nxb3 Na5 11. O-O Rc8 12. Re1 Nxb3 13. Bxb3 Rxc3 14. Bb2 {0-1 (48) Farin,F (1299)-Zachau,W (1816) Triesen 2001}) 8. bxc4 $14 dxc4 {White is slightly better.} 9. Nbd2 Bc7 {White now steadily converts the win.} (9... b5 $11 {keeps the balance.}) 10. Nxc4 $16 b5 11. Ncd2 e5 (11... O-O $16 12. Ba3 Re8) 12. O-O Qd6 (12... O-O {was worth a try.} 13. Bb2 Rb8) 13. Ne4 Nxe4 14. Bxe4 Bb7 15. a4 {[%cal Ba2a4,Ba4b5][%mdl 32]} O-O $2 {[#]} (15... exd4 16. exd4 (16. axb5 Ne5 $15) (16. cxd4 b4 $16) 16... O-O) 16. Ba3 Qh6 17. Bxf8 Rxf8 18. axb5 Nd8 19. Bxb7 Nxb7 20. dxe5 Nc5 21. Qd5 Bb6 22. Qc6 Qg5 23. Rad1 {[%cal Ba1d1,Bd1d5,Bd5d7][%mdl 32]} h6 24. Rd5 Ne4 25. e6 Qg6 26. Ne5 Qxe6 27. Qxe6 fxe6 28. Rd7 Nc5 29. Re7 Rf6 30. Nc4 Ne4 $2 {[#]} (30... Kf8) 31. Nxb6 $18 {White is clearly winning.} axb6 {[%mdl 4096] Endgame KRR-KRN} 32. f3 Nd2 33. Rd1 Nc4 34. Rd8+ Kh7 35. Rdd7 Rg6 36. g4 Nxe3 37. h3 h5 38. Kf2 hxg4 39. Kxe3 gxh3 40. Rd1 h2 41. Rh1 Rg1 42. Rxh2+ Kg6 43. Rxe6+ {[%mdl 64] Double Attack. Accuracy: White = 57%, Black = 18%.} 1-0

[Event "400 Stay Safe Play From Home series"]
[Site "Emanuel Lasker Arena"]
[Date "2020.08.21"]
[Round "2"]
[White "Stefanone"]
[Black "Padmaesh M K"]
[Result "1-0"]
[WhiteElo "1956"]
[BlackElo "1866"]
[Annotator "TA"]
[PlyCount "27"]
[EventDate "2020.08.21"]
[EventType "swiss (blitz)"]

{[%evp 9,27,-69,-69,-82,-76,-77,-78,-84,0,-34,-31,-31,33,14,29996,1872,29997,29998,29998,29999]} 1. d4 e5 2. e3 exd4 3. exd4 d5 4. c3 Nf6 5. f4 Bd6 6. Nf3 {C01: French: Exchange Variation.} O-O 7. Bd3 Re8+ 8. Ne5 {[#] Black is better.} Ne4 $146 (8... c5 $17 9. O-O Nc6) ({Predecessor:} 8... c5 9. O-O Nc6 10. Be3 Qb6 11. Qd2 c4 12. Bc2 Ne7 13. b3 cxb3 14. axb3 Bf5 {1-0 (25) Kuipers,S-Happel,H (2229) Groningen 2004}) 9. Bxe4 dxe4 10. O-O $1 f6 (10... Be6 $15) 11. Qb3+ $14 Kh8 $4 {[%mdl 8192]} (11... Be6 $11 12. Qxb7 {[%mdl 64] Double Attack} Nd7) 12. Nf7+ {[%mdl 64] Double Attack} Kg8 {[#]} 13. Nh6+ $1 {[%mdl 576] Discovered Attack (Double check)} Kh8 {[#]} 14. Qg8+ $1 {[%mdl 512] White took control after the opening. Accuracy: White = 91%, Black = 49%.} 1-0

[Event "400 Stay Safe Play From Home series"]
[Site "Emanuel Lasker Arena"]
[Date "2020.08.21"]
[Round "2"]
[White "Yuriko"]
[Black "NIK-MCS1"]
[Result "1-0"]
[WhiteElo "1936"]
[BlackElo "1710"]
[Annotator "TA"]
[PlyCount "97"]
[EventDate "2020.08.21"]
[EventType "swiss (blitz)"]

{[%evp 13,97,64,70,57,54,61,64,62,75,64,63,60,57,56,79,64,93,87,79,72,234,243,303,231,322,311,325,304,318,307,325,306,319,260,736,739,1125,1119,1164,1139,1243,1224,1284,1270,1395,1398,1325,1181,1177,1157,1145,1138,1268,1195,1331,1339,1382,1376,1441,1423,1504,1504,1643,1629,2683,1885,2746,1929,2661,2722,2687,2641,3333,2808,29991,29992,29993,29986,29992,29993,29993,29993,29993,29994,29996,29997]} 1. d4 d6 2. c4 c6 3. Nc3 Nd7 4. e4 Qc7 5. Nf3 e5 6. Be2 Ngf6 7. O-O Be7 8. d5 {A55: Old Indian Defence with Nf3 and e4.} O-O 9. Be3 a5 10. Nd2 {White is slightly better.} Re8 11. Rc1 h6 {[#]} 12. f3 $146 ({Predecessor:} 12. a3 Nf8 13. b4 axb4 14. axb4 Bd7 15. c5 cxd5 16. exd5 Qb8 17. Nc4 dxc5 18. bxc5 {1-0 (30) Dilleigh,S (2016)-Kenning,P (1841) Hull 2018}) 12... Nc5 13. b3 Ncd7 14. a3 Bf8 15. b4 axb4 16. axb4 cxd5 $2 {This costs Black the game.} (16... Nh5 $16 {was called for.}) 17. cxd5 $18 ({Don't play} 17. Nxd5 $6 Qd8 $16) 17... Qd8 18. Qb3 Qe7 19. Nb5 Rb8 20. Nc7 Rd8 21. Ba7 Nh5 22. Bb5 ({Resist} 22. Bxb8 Nxb8 23. Rfd1 Bh3 $18) 22... Nf4 23. Bxb8 {Black must now prevent Ba7.} Ne2+ $2 (23... Qg5 24. g3 Nxb8) 24. Bxe2 Nf6 25. Ba7 Bd7 26. Be3 Rc8 27. b5 Nh5 28. b6 Nf4 29. Bxf4 exf4 30. Qc3 g6 31. Nc4 Bg7 32. Qb4 Qg5 33. Bd3 Bh3 34. Qd2 Bd7 35. Nxd6 {[%mdl 64] [#] Double Attack} Rf8 36. Nxb7 Qe5 37. Nc5 Qd4+ 38. Kh1 Qf6 39. b7 Qh4 40. N5a6 g5 41. b8=Q g4 {[#]} 42. fxg4 $3 Rxb8 (42... Bxg4 43. Ne8) 43. Nxb8 Qxg4 44. Nxd7 {White mates.} Be5 45. Rf3 Bg7 46. Ne8 Kh8 47. Nef6 Bxf6 48. Nxf6 Qg6 49. Qxf4 {Accuracy: White = 88%, Black = 60%.} 1-0

[Event "400 Stay Safe Play From Home series"]
[Site "Emanuel Lasker Arena"]
[Date "2020.08.21"]
[Round "2"]
[White "Lazieri3"]
[Black "Buzaglo"]
[Result "1-0"]
[WhiteElo "1934"]
[BlackElo "1841"]
[Annotator "TA"]
[PlyCount "91"]
[EventDate "2020.08.21"]
[EventType "swiss (blitz)"]

{[%evp 9,91,-32,-20,-42,-4,-6,-2,0,8,-30,-26,-27,-18,-19,-14,-41,-18,-24,-21,-39,-5,-28,83,-12,-12,-53,-43,-41,-8,-19,0,0,177,0,7,5,6,0,143,0,131,-25,-14,-989,-147,-147,-9,-13,-13,-13,-13,-21,-21,-21,0,0,0,0,671,671,1262,-471,0,0,5481,2152,6411,0,0,0,0,0,0,0,12841,12842,12841,12842,29984,29985,29985,12843,12843,12843]} 1. e4 e6 2. Nc3 d5 3. Nf3 d4 4. Ne2 c5 5. d3 Nc6 6. g3 {C00: French: Unusual White 2nd moves.} Qc7 7. Bg2 e5 8. O-O {[#] The position is equal.} Nf6 $146 ({Predecessor:} 8... f5 9. Bg5 h6 10. Bd2 Nf6 11. Nh4 Ne7 12. g4 f4 13. f3 g5 14. h3 gxh4 {0-1 (48) Papadimitriou,V-Galani,A (1230) Greece 2014}) 9. h3 Be7 10. Nh2 O-O 11. f4 exf4 12. Bxf4 Bd6 (12... Qb6 {looks sharper.} 13. Rb1 Nh5 14. Nf3 Be6 15. c4 Rae8) 13. Bxd6 Qxd6 14. Qd2 Be6 15. a3 (15. Rxf6 $5 gxf6 16. Qh6 $15) 15... Qd7 {[#]} (15... Kh8 $11) 16. Nf4 ({White should try} 16. Rxf6 $1 $16 {[%mdl 512] Hoping for Rff1.} gxf6 17. Qh6) 16... Ne5 17. Nxe6 fxe6 18. Nf3 Nxf3+ 19. Rxf3 e5 20. Raf1 Nh5 $2 (20... Qe7 $11) 21. Kh2 $2 (21. Qg5 $1 $18 Rxf3 22. Rxf3) 21... Rxf3 $11 22. Bxf3 Nf6 23. Qg5 Rf8 (23... Qd6 $11) 24. Be2 ({White has to play} 24. Qxe5 $16 b6 25. Kg2) 24... h6 (24... Qe8 $11 {keeps the balance.}) 25. Qg6 $2 (25. Qxe5 $16 b6 26. Bd1) 25... Qf7 26. Bh5 $2 {[%mdl 8192] [#]} (26. Qf5 $11) 26... Qxg6 $2 (26... Ng4+ $1 $19 {[%mdl 512] has better winning chances.} 27. Bxg4 (27. Qxg4 Qxf1) 27... Qxg6) 27. Bxg6 $17 {[#]} Nd7 (27... Ng4+ $1 $17 {[%mdl 512]} 28. Kg1 (28. hxg4 Rxf1) 28... Rxf1+ 29. Kxf1 Ne3+ {[%mdl 64] Double Attack} 30. Ke2 Nxc2) 28. Rxf8+ Kxf8 $11 {[%mdl 4096] Endgame KB-KN} 29. Bf5 Ke7 30. Bxd7 Kxd7 {KP-KP} 31. Kg2 Ke6 32. Kf3 b5 33. Kg4 Kf6 $2 {[%mdl 8192]} (33... g6 $11) 34. Kh5 $1 $18 a5 {White should prevent ...a4.} 35. h4 $4 {[%mdl 8192] [#]} (35. b3 $1 $18 {was the only winning move. Strongly threatening a4.} Kf7 36. a4 bxa4 37. bxa4) 35... c4 $2 (35... a4 $1 $19 {And now ...c4 would win.} 36. Kg4 g6) 36. b3 $11 c3 $2 {[%mdl 8192] [#]} (36... cxb3 $11 37. cxb3 Kf7) 37. g4 $1 $18 b4 38. axb4 $2 (38. g5+ $18 hxg5 39. hxg5+ Ke7 40. axb4 axb4 41. Kg6) 38... axb4 $11 39. g5+ hxg5 40. hxg5+ Kf7 $1 41. Kh4 {Threatens to win with Kh5.} Kg6 $2 {[%mdl 8192]} (41... g6 $11) 42. Kg4 $18 Kf7 43. Kf5 g6+ 44. Kxe5 Ke7 45. Kxd4 (45. Kd5 $142 Kd7 46. e5 Ke7 47. e6 Ke8 48. Kxd4 Kd8 49. Kd5 Kc7 50. Kc5) 45... Ke6 46. e5 {White used his chance. Accuracy: White = 62%, Black = 43%.} 1-0

[Event "400 Stay Safe Play From Home series"]
[Site "Emanuel Lasker Arena"]
[Date "2020.08.21"]
[Round "2"]
[White "GIULIO19031975"]
[Black "MihailoVujic"]
[Result "0-1"]
[WhiteElo "1800"]
[BlackElo "2219"]
[Annotator "NA RC"]
[PlyCount "82"]
[EventDate "2020.08.21"]
[EventType "swiss (blitz)"]

1. e4 {[%emt 0:00:01]} e5 {[%emt 0:00:01]} 2. Nf3 {[%emt 0:00:00]} Nc6 {[%emt 0:00:00]} 3. Nc3 {[%emt 0:00:00]} Nf6 {[%emt 0:00:01]} 4. Bb5 {[%emt 0:00:02]} Bd6 {[%emt 0:00:02]} 5. d3 {[%emt 0:00:01]} O-O {[%emt 0:00:02]} 6. Bxc6 {[%emt 0:00:01]} dxc6 {[%emt 0:00:01]} 7. Bg5 {[%emt 0:00:00]} h6 {[%emt 0:00:01]} 8. Bh4 {[%emt 0:00:01]} Be6 {[%emt 0:00:00]} 9. a3 {[%emt 0:00:01]} Re8 {[%emt 0:00:02]} 10. Qd2 {[%emt 0:00:01]} Kh7 {[%emt 0:00:02]} 11. O-O-O {[%emt 0:00:01]} b5 {[%emt 0:00:02]} 12. Kb1 {[%emt 0:00:01]} a5 {[%emt 0:00:01]} 13. h3 {[%emt 0:00:02]} b4 {[%emt 0:00:01]} 14. axb4 {[%emt 0:00:01]} axb4 {[%emt 0:00:00]} 15. Nd5 {[%emt 0:00:05]} cxd5 {[%emt 0:00:01]} 16. exd5 {[%emt 0:00:01]} Bxd5 {[%emt 0:00:01]} 17. c4 {[%emt 0:00:00]} bxc3 {[%emt 0:00:01]} 18. Qxc3 {[%emt 0:00:01]} Qb8 {[%emt 0:00:02]} 19. Bxf6 {[%emt 0:00:03]} gxf6 {[%emt 0:00:01]} 20. Nd2 {[%emt 0:00:01]} Qa7 {[%emt 0:00:02]} 21. Kc2 {[%emt 0:00:05]} Reb8 {[%emt 0:00:02]} 22. Ne4 {[%emt 0:00:03]} Qa4+ {[%emt 0:00:02]} 23. Kd2 {[%emt 0:00:01]} Bxe4 {[%emt 0:00:01]} 24. dxe4 {[%emt 0:00:00]} Qxe4 {[%emt 0:00:01]} 25. Rhe1 {[%emt 0:00:00]} Qf4+ {[%emt 0:00:01]} 26. Qe3 {[%emt 0:00:01]} Bb4+ {[%emt 0:00:02]} 27. Ke2 {[%emt 0:00:01]} Bxe1 {[%emt 0:00:01]} 28. Kxe1 {[%emt 0:00:01]} Qxe3+ {[%emt 0:00:01]} 29. fxe3 {[%emt 0:00:00]} Rxb2 {[%emt 0:00:01]} 30. g4 {[%emt 0:00:02]} Raa2 {[%emt 0:00:03]} 31. Kf1 {[%emt 0:00:02]} Rh2 {[%emt 0:00:02]} 32. Kg1 {[%emt 0:00:01]} Rag2+ {[%emt 0:00:01]} 33. Kf1 {[%emt 0:00:01]} Rh1+ {[%emt 0:00:00]} 34. Kxg2 {[%emt 0:00:01]} Rxd1 {[%emt 0:00:00]} 35. Kf3 {[%emt 0:00:00]} c5 {[%emt 0:00:00]} 36. h4 {[%emt 0:00:00]} c4 {[%emt 0:00:00]} 37. Ke2 {[%emt 0:00:00]} Rd6 {[%emt 0:00:02]} 38. Kf3 {[%emt 0:00:00]} c3 {[%emt 0:00:02]} 39. Ke4 {[%emt 0:00:00]} c2 {[%emt 0:00:01]} 40. Kf5 {[%emt 0:00:00]} c1=Q {[%emt 0:00:01]} 41. e4 {[%emt 0:00:00]} Qf4# {[%emt 0:00:01] (Lag: Av=0.70s, max=1.2s) (Lag: Av=0.70s, max=1.2s) (Lag: Av=0.70s, max=1.2s)} 0-1

[Event "400 Stay Safe Play From Home series"]
[Site "Emanuel Lasker Arena"]
[Date "2020.08.21"]
[Round "2"]
[White "Mischu64"]
[Black "IceQueen"]
[Result "0-1"]
[WhiteElo "1596"]
[BlackElo "2478"]
[Annotator "NA RC"]
[PlyCount "80"]
[EventDate "2020.08.21"]
[EventType "swiss (blitz)"]

1. d4 {[%emt 0:00:04]} c5 {[%emt 0:00:00]} 2. d5 {[%emt 0:00:01]} e5 {[%emt 0:00:00]} 3. c4 {[%emt 0:00:00]} d6 {[%emt 0:00:00]} 4. Nc3 {[%emt 0:00:00]} Ne7 {[%emt 0:00:01]} 5. e4 {[%emt 0:00:00]} g6 {[%emt 0:00:00]} 6. Bd2 {[%emt 0:00:01]} Bg7 {[%emt 0:00:00]} 7. Nf3 {[%emt 0:00:00]} O-O {[%emt 0:00:01]} 8. Bd3 {[%emt 0:00:00]} f5 {[%emt 0:00:00]} 9. Qc2 {[%emt 0:00:00]} f4 {[%emt 0:00:01]} 10. h3 {[%emt 0:00:02]} h6 {[%emt 0:00:01]} 11. O-O-O {[%emt 0:00:01]} Na6 {[%emt 0:00:00]} 12. Rdg1 {[%emt 0:00:01]} Nc7 {[%emt 0:00:01]} 13. Qb1 {[%emt 0:00:00]} g5 {[%emt 0:00:00]} 14. g3 {[%emt 0:00:01]} a6 {[%emt 0:00:01]} 15. gxf4 {[%emt 0:00:02]} exf4 {[%emt 0:00:01]} 16. h4 {[%emt 0:00:01]} g4 {[%emt 0:00:01]} 17. Ne1 {[%emt 0:00:03]} Be5 {[%emt 0:00:01]} 18. Ng2 {[%emt 0:00:01]} f3 {[%emt 0:00:04]} 19. Ne3 {[%emt 0:00:02]} h5 {[%emt 0:00:00]} 20. Nxg4 {[%emt 0:00:02]} Bxg4 {[%emt 0:00:03]} 21. Rxg4+ {[%emt 0:00:02]} hxg4 {[%emt 0:00:00]} 22. Bh6 {[%emt 0:00:01]} Rf7 {[%emt 0:00:01]} 23. Qc2 {[%emt 0:00:01]} Ng6 {[%emt 0:00:02]} 24. Bg5 {[%emt 0:00:01]} Bf4+ {[%emt 0:00:01]} 25. Bxf4 {[%emt 0:00:02]} Nxf4 {[%emt 0:00:00]} 26. h5 {[%emt 0:00:01]} b5 {[%emt 0:00:01]} 27. Qd2 {[%emt 0:00:06]} bxc4 {[%emt 0:00:00]} 28. Bxc4 {[%emt 0:00:02]} Rb8 {[%emt 0:00:00]} 29. b3 {[%emt 0:00:01]} Qf6 {[%emt 0:00:01]} 30. h6 {[%emt 0:00:01]} Rh7 {[%emt 0:00:02]} 31. Kc2 {[%emt 0:00:04]} Rxh6 {[%emt 0:00:01]} 32. Rxh6 {[%emt 0:00:02]} Qxh6 {[%emt 0:00:00]} 33. e5 {[%emt 0:00:03]} Rf8 {[%emt 0:00:12]} 34. e6 {[%emt 0:00:02]} Qf6 {[%emt 0:00:02]} 35. Ne4 {[%emt 0:00:01]} Qf5 {[%emt 0:00:02]} 36. Qd3 {[%emt 0:00:01]} Ncxd5 {[%emt 0:00:01]} 37. Bxd5 {[%emt 0:00:02]} Qxd5 {[%emt 0:00:00]} 38. Qxd5 {[%emt 0:00:01]} Nxd5 {[%emt 0:00:00]} 39. Ng5 {[%emt 0:00:01]} g3 {[%emt 0:00:02]} 40. fxg3 {[%emt 0:00:01]} f2 {[%emt 0:00:00] Zeit Zeit Zeit (Lag: Av=0.41s, max=1.1s) (Lag: Av=0.41s, max=1.1s) (Lag: Av=0.41s, max=1.1s)} 0-1

[Event "400 Stay Safe Play From Home series"]
[Site "Emanuel Lasker Arena"]
[Date "2020.08.21"]
[Round "2"]
[White "Dreamsoldier"]
[Black "Hickey"]
[Result "0-1"]
[WhiteElo "1247"]
[BlackElo "2234"]
[Annotator "TA"]
[PlyCount "104"]
[EventDate "2020.08.21"]
[EventType "swiss (blitz)"]

{[%evp 9,104,16,4,-4,25,3,5,-6,-6,-9,-12,-8,0,0,18,18,20,0,0,0,0,-6,-8,-78,13,-35,0,0,19,-14,0,-255,-177,-321,-319,-331,-324,-299,-312,-432,-442,-775,-461,-525,-469,-504,-445,-452,-452,-459,-459,-454,-447,-446,-445,-445,-447,-436,-413,-393,-393,-568,-545,-564,-581,-1032,-202,-286,-143,-979,-197,-565,-560,-748,-286,-286,-286,-286,-285,-293,-62,-293,-180,-179,0,0,29990,29991,29991,29991,29991,29991,29991,29991,29991,29990,29990]} 1. e4 c6 2. Nf3 d5 3. exd5 cxd5 4. d4 Nc6 5. Be3 Nf6 6. Nbd2 {B13: Caro-Kann: Exchange Variation and Panov-Botvinnik Attack.} g6 {[#]} 7. Bb5 $146 ({Predecessor:} 7. Bd3 Bg7 8. c3 O-O 9. Qc2 Ng4 10. O-O-O Nxe3 11. fxe3 Be6 12. Kb1 Rc8 13. a3 {0-1 (27) Fialka,A (1667)-Kolar,S (2080) Orlova 2015}) 7... Bg7 8. Bxc6+ {The position is equal.} bxc6 9. O-O O-O 10. Ne5 Qb6 11. Nb3 Nd7 12. Nxd7 Bxd7 13. Qe2 Rfe8 14. Qd2 Bf5 15. c3 a5 16. Bh6 (16. Rfe1 $11 {keeps the balance.}) 16... Bh8 ({Black should try} 16... Bxh6 $17 17. Qxh6 a4) 17. f3 e5 (17... Be5 $5) 18. g4 Be6 19. Kg2 Rab8 {[#] Threatens to win with ...a4.} 20. Nc5 $2 {[%mdl 8192]} (20. Rf2 $11 {and White stays safe.}) 20... Qxb2 21. Qxb2 (21. dxe5 $142 Bxe5 22. Nd3 Qxc3 23. Rac1 Qxd2+ 24. Bxd2) 21... Rxb2+ $19 22. Kg3 {White hopes to continue with Nd3.} exd4 23. cxd4 Bxd4 24. Nxe6 fxe6 ({Don't do} 24... Rxe6 25. Rab1 $19) 25. Rfe1 (25. a4 $142) 25... c5 {Strongly threatening ...Bf2+.} 26. Kh3 Rf2 27. Kg3 Kf7 28. Be3 Bxe3 29. Rxe3 {[%mdl 4096] Endgame KRR-KRR} Rb2 30. Ra3 Ra8 31. Re3 Ra6 32. f4 Rab6 33. f5 gxf5 34. gxf5 exf5 35. Rf1 (35. Re5 $142 Rg6+ 36. Kf4) 35... Rg6+ 36. Kf4 Rb4+ 37. Ke5 Rf6 $2 (37... Re6+ 38. Kxd5 Rxe3 39. Rxf5+ Kg6) 38. Kxd5 (38. Rh3 $142) 38... c4 ({Better is} 38... f4 $19 39. Rh3 Rf5+ 40. Kc6 h5) 39. Re5 $2 {[%mdl 8192]} (39. Ref3 $17) 39... f4 $2 (39... Rb5+ 40. Kxc4 Rxe5) 40. Kc5 $2 (40. Kd4) 40... c3 41. Rc1 c2 $2 (41... f3 {aiming for ...f2.} 42. a3 Rb2) 42. Rxc2 f3 {...f2 is the strong threat.} 43. Rf2 Kg6 44. Re3 Rg4 $2 (44... Rf5+ $19 45. Kc6 Rbf4) 45. Kd5 $2 ({White should play} 45. Rexf3 $15 Rxf3 46. Rxf3) 45... Rg5+ 46. Ke4 {[#]} Rgf5 $2 (46... Re6+ $1 $19 47. Kxf3 Rf5+ 48. Ke2 Rxe3+ 49. Kxe3 Rxf2 50. Kxf2 a4) 47. Rexf3 $11 Kh5 $2 {[%mdl 8192]} (47... Re6+ $11 48. Kd3 Rd6+ 49. Kc3 Rc6+ 50. Kd4 Rxf3 51. Rxf3 Rc2) 48. Rxf5+ {White mates.} Rxf5 49. Rxf5+ Kg6 50. Rxa5 h6 51. Ra7 Kf6 52. Rh7 Kg6 {[%mdl 32768] Accuracy: White = 48%, Black = 43%. . Sensor Board Error (Ke4/e5)?} 0-1

[Event "400 Stay Safe Play From Home series"]
[Site "Emanuel Lasker Arena"]
[Date "2020.08.21"]
[Round "2"]
[White "Oscolucano"]
[Black "Schachwerk_64"]
[Result "0-1"]
[WhiteElo "1086"]
[BlackElo "2021"]
[Annotator "NA RC"]
[PlyCount "62"]
[EventDate "2020.08.21"]
[EventType "swiss (blitz)"]

1. d4 {[%emt 0:00:02]} Nc6 {[%emt 0:00:00]} 2. d5 {[%emt 0:00:01]} Ne5 {[%emt 0:00:01]} 3. e4 {[%emt 0:00:01]} Nf6 {[%emt 0:00:02]} 4. Nc3 {[%emt 0:00:01]} e6 {[%emt 0:00:02]} 5. f4 {[%emt 0:00:01]} Ng6 {[%emt 0:00:02]} 6. dxe6 {[%emt 0:00:02]} fxe6 {[%emt 0:00:04]} 7. Bb5 {[%emt 0:00:02]} Bb4 {[%emt 0:00:02]} 8. Nf3 {[%emt 0:00:01]} Nxe4 {[%emt 0:00:01]} 9. O-O {[%emt 0:00:03]} Nxc3 {[%emt 0:00:02]} 10. bxc3 {[%emt 0:00:01]} Bxc3 {[%emt 0:00:01]} 11. Rb1 {[%emt 0:00:01]} O-O {[%emt 0:00:01]} 12. Ba3 {[%emt 0:00:03]} d6 {[%emt 0:00:03]} 13. Qd3 {[%emt 0:00:02]} Bf6 {[%emt 0:00:03]} 14. Rbd1 {[%emt 0:00:04]} Nxf4 {[%emt 0:00:02]} 15. Qe4 {[%emt 0:00:06]} c5 {[%emt 0:00:02]} 16. Bc4 {[%emt 0:00:02]} d5 {[%emt 0:00:02]} 17. Qxf4 {[%emt 0:00:01]} Bd4+ {[%emt 0:00:01]} 18. Rxd4 {[%emt 0:00:05]} Rxf4 {[%emt 0:00:02]} 19. Rxf4 {[%emt 0:00:02]} dxc4 {[%emt 0:00:02]} 20. Bxc5 {[%emt 0:00:03]} Bd7 {[%emt 0:00:09]} 21. Ne5 {[%emt 0:00:02]} h6 {[%emt 0:00:09]} 22. Rf8+ {[%emt 0:00:02]} Qxf8 {[%emt 0:00:01]} 23. Bxf8 {[%emt 0:00:01]} Rxf8 {[%emt 0:00:00]} 24. Nxd7 {[%emt 0:00:02]} Rd8 {[%emt 0:00:01]} 25. Ne5 {[%emt 0:00:02]} Rd2 {[%emt 0:00:00]} 26. h3 {[%emt 0:00:02]} Rxc2 {[%emt 0:00:01]} 27. Re1 {[%emt 0:00:01]} Rxa2 {[%emt 0:00:01]} 28. Nxc4 {[%emt 0:00:01]} b5 {[%emt 0:00:01]} 29. Nd6 {[%emt 0:00:01]} b4 {[%emt 0:00:00]} 30. Rxe6 {[%emt 0:00:02]} b3 {[%emt 0:00:00]} 31. Re8+ {[%emt 0:00:01]} Kh7 {[%emt 0:00:00] Tempo Tempo Tempo (Lag: Av=0.46s, max=0.8s) (Lag: Av=0.46s, max=0.8s) (Lag: Av=0.46s, max=0.8s)} 0-1